000 00505nam a2200181Ia 4500
001 19630
005 20260306172707.0
008 260306t2020||||xx |||||||||||||| ||spa||
041 _aESP
082 _a340.7
_bM26
100 _aMarciani Burgos, Betzabé
_eAUT
245 0 _aJusticia, derecho y mercado:
_buna investigación sobre el análisis económico del derecho en el Perú
260 _c2020
300 _a334 páginas :
_c20 cm.
650 _aGEN
654 _aCDE
942 _cLIB
_dJUS
_fJUS
_2ddc
_n
999 _c19630
_d19630